College Quizbowl Stats
College Quizbowl Stats
Circuits
Seasons
Sets
Records
Detailed Stats
About
Loading...
2023 NASAT
Tossups
Bonuses
Players
Teams
Categories (Tossup)
Categories (Bonus)
Jason Lin
N/A
Categories
Category
Powers
Gets
Negs
BBs
Points
Earliest Buzz
Avg. Buzz
First Buzzes
Top 3 Buzzes
BPA
PVF
Art - Music/Opera
0
1
0
0
10
38
38.00
1
1
0.00
0.00
Art - Other
0
1
0
0
10
132
132.00
0
0
0.00
0.00
Art - Painting/Sculpture
0
1
0
0
10
77
77.00
0
0
0.00
0.00
Science - Physics
0
0
1
0
-5
0.00
0
0
0.00
0.00
Buzzes
Category
Answer
Value
Buzz Position
Art - Music/Opera
harp
10
38
Science - Physics
event horizons
-5
69
Art - Painting/Sculpture
Delft
10
77
Art - Other
Wynton Marsalis
10
132
Previous
1
Next